[Event "8th Teplice Open 2013"]
[Site "Teplice CZE"]
[Date "2013.06.20"]
[Round "6.21"]
[White "Biolek,R1"]
[Black "Turner,R"]
[Result "1-0"]
[WhiteElo "2412"]
[BlackElo "2114"]

1.d4 Nf6 2.c4 g6 3.Nc3 Bg7 4.e4 d6 5.Nf3 O-O 6.Be2 e5 7.d5 Nbd7 8.O-O a5
9.Nd2 Nc5 10.b3 Ne8 11.a3 f5 12.Rb1 Bh6 13.b4 axb4 14.axb4 Nxe4 15.Ndxe4 Bxc1
16.Nxd6 cxd6 17.Qxc1 b6 18.f4 e4 19.Qe3 Rb8 20.Nb5 Bd7 21.Nd4 Nf6 22.b5 Qc7
23.Nc6 Ra8 24.Ra1 Qb7 25.Qc3 Kf7 26.Qb4 Qc7 27.Ra3 Bxc6 28.bxc6 Ra5 29.Rb1 Rfa8
30.Rxa5 bxa5 31.Qb7 Ra7 32.Qxc7+ Rxc7 33.Rb8 Ne8 34.Ra8 Ke7 35.Bd1 h6 36.Kf2 g5
37.Ke3 Nf6 38.g3 g4 39.Kd4 Ne8 40.Ba4 h5 41.Bb5 Kf7 42.c5 dxc5+ 43.Kxc5 Ke7
44.Rxe8+ Kxe8 45.d6 Kd8 46.dxc7+ Kxc7 47.Kc4 Kd6 48.Kc3 Kc7 49.Kb3 Kb6 50.Ka4 e3
51.Kb3 e2 52.Bxe2 Kxc6 53.Ka4  1-0

[Event "8th Teplice Open 2013"]
[Site "Teplice CZE"]
[Date "2013.06.20"]
[Round "6.23"]
[White "Bures,J"]
[Black "Ulanowski,K"]
[Result "0-1"]
[WhiteElo "2399"]
[BlackElo "2083"]

1.d4 Nf6 2.c4 g6 3.Nc3 Bg7 4.e4 d6 5.Nf3 O-O 6.Be2 e5 7.O-O Na6 8.Kh1 exd4
9.Nxd4 Nc5 10.f3 Nh5 11.g4 Nf6 12.Be3 h5 13.g5 Nh7 14.Rg1 Re8 15.Qd2 b6 16.b4 Ne6
17.Nf5 gxf5 18.exf5 Bxc3 19.Qxc3 Nef8 20.g6 fxg6 21.fxg6 Nf6 22.g7 N8h7 23.Bd3 Qe7
24.Bd4 Bb7 25.Raf1 c5 26.Bxf6 Nxf6 27.Bg6 Ng4  0-1

[Event "7th Varna Open 2013"]
[Site "Varna BUL"]
[Date "2013.06.20"]
[Round "2.22"]
[White "Borzov,D"]
[Black "Gidicov,A"]
[Result "1-0"]
[WhiteElo "2133"]
[BlackElo "2037"]

1.d4 Nf6 2.c4 g6 3.Nc3 Bg7 4.e4 d6 5.Nf3 O-O 6.Be2 e5 7.O-O Nbd7 8.Re1 Re8
9.Bf1 c6 10.d5 cxd5 11.cxd5 a6 12.a3 Nh5 13.Be3 b5 14.b4 Nb6 15.a4 bxa4 16.Nxa4 Nxa4
17.Rxa4 Bd7 18.Rxa6 Rxa6 19.Bxa6 Qa8 20.Qe2 Nf4 21.Qc4 Bf6 22.b5 Bc8 23.Qc6 Bxa6
24.bxa6 Nd3 25.Rb1 Nc5 26.Bxc5 Qxc6 27.dxc6 dxc5 28.a7  1-0

[Event "8th Teplice Open 2013"]
[Site "Teplice CZE"]
[Date "2013.06.21"]
[Round "7.14"]
[White "Freisler,P"]
[Black "Cernousek,L"]
[Result "1/2-1/2"]
[WhiteElo "2322"]
[BlackElo "2463"]

1.Nf3 Nf6 2.c4 g6 3.Nc3 Bg7 4.d4 O-O 5.e4 d6 6.Be2 e5 7.O-O Na6 8.Re1 Qe8
9.Bf1 Bg4 10.Be3 Nh5 11.Be2 Bd7 12.h3 Nf6 13.Bf1 Kh8 14.Qd2 Ng8 15.Rad1 Rd8
16.a3 f6 17.b4 b6 18.c5 exd4 19.Bxd4 dxc5 20.bxc5 Nxc5 21.Bxc5 bxc5 22.Qe3 Qe7
23.Nd5 Qd6 24.Nd2 Rfe8 25.Nc4 Qc6 26.Na5 Qa4 27.Nb7 Bh6 28.Qc3 Qc6 29.Nxd8 Rxd8
30.Be2 Re8 31.Bf3 Bg7 32.Rc1 Bh6 33.Rc2 Bf8 34.e5 fxe5 35.Ne7 Qf6 36.Nd5 Qd6
37.Rce2 Bb5 38.Rd2 Bh6 39.Rdd1 Ba4 40.Rb1 Bg7 41.Be4 c6 42.Ne3 Qd4 43.Qc4 Bb5
44.Qc2 Ba4 45.Qc4  1/2-1/2

[Event "13th IPCA World Championship"]
[Site "Velke Losiny CZE"]
[Date "2013.06.21"]
[Round "5.11"]
[White "Kaydanovich,M"]
[Black "Tillmann,Marc"]
[Result "1/2-1/2"]
[WhiteElo "1816"]
[BlackElo "2008"]

1.d4 Nf6 2.c4 g6 3.Nc3 Bg7 4.Nf3 O-O 5.e4 d6 6.Be2 e5 7.dxe5 dxe5 8.Qxd8 Rxd8
9.Nxe5 Nxe4 10.Nxe4 Bxe5 11.O-O Nc6 12.f4 Bd4+ 13.Kh1 Re8 14.Ng3 h5 15.Bf3 Be6
16.Re1 Bxc4 17.Rxe8+ Rxe8 18.Bd2 Bd3 19.Bc3 h4 20.Bxc6 bxc6 21.Bxd4 hxg3
22.Bxa7 Re2 23.Bd4 Be4 24.Rg1 gxh2 25.Kxh2 c5 26.Be5 f5 27.Kh3 Kf7 28.Kh4 Bxg2
29.a4 Bb7 30.a5 Ba6 31.Kg3 c6  1/2-1/2

[Event "Gold Coast Open 2013"]
[Site "Gold Coast AUS"]
[Date "2013.06.22"]
[Round "1"]
[White "Louie,Jared"]
[Black "Brown,An"]
[Result "0-1"]
[WhiteElo "1765"]
[BlackElo "2291"]

1.d4 Nf6 2.c4 g6 3.Nc3 Bg7 4.e4 d6 5.Nf3 O-O 6.Be2 e5 7.dxe5 dxe5 8.Qxd8 Rxd8
9.Bg5 Na6 10.Nd5 Nxd5 11.Bxd8 Nf4 12.Kf1 Nxe2 13.Kxe2 Be6 14.Bg5 Bxc4+ 15.Ke3 f6
16.Bh4 Bh6+ 17.Bg5 fxg5 18.g4 Bf8 19.Nxe5 Bc5+ 20.Kd2 Rd8+ 21.Kc3 Be2 22.Kb3 Bxf2
23.Rac1 Nc5+ 24.Ka3 Rd6 25.b3 Bd4 26.Nc4 Ra6+ 27.Kb4 Nd3+ 28.Kb5 c6+  0-1

[Event "8th Teplice Open 2013"]
[Site "Teplice CZE"]
[Date "2013.06.22"]
[Round "8.20"]
[White "Kozak,Mi"]
[Black "Kristiansen,Jen"]
[Result "1/2-1/2"]
[WhiteElo "2166"]
[BlackElo "2412"]

1.d4 Nf6 2.c4 g6 3.Nc3 Bg7 4.e4 d6 5.Nf3 O-O 6.Be2 e5 7.Be3 c6 8.d5 Ng4 9.Bg5 f6
10.Bh4 c5 11.Nd2 Nh6 12.f3 Nd7 13.a3 Nf7 14.b4 Bh6 15.Bf2 b6 16.O-O f5 17.Kh1 Nf6
18.exf5 gxf5 19.Re1 Kh8 20.Qc2 Nh5 21.g3 Qg5 22.Bf1 Rg8 23.Rad1 e4 24.fxe4 f4
25.Nb5 Bh3 26.Qc3+ Bg7 27.Qf3 fxg3 28.Bxg3 Nxg3+ 29.Qxg3  1/2-1/2

[Event "8th Teplice Open 2013"]
[Site "Teplice CZE"]
[Date "2013.06.22"]
[Round "8.21"]
[White "Bures,J"]
[Black "Grichkevitch,G"]
[Result "1-0"]
[WhiteElo "2399"]
[BlackElo "2155"]

1.d4 Nf6 2.c4 g6 3.Nc3 Bg7 4.e4 d6 5.Nf3 O-O 6.Be2 Nbd7 7.O-O e5 8.Be3 c6
9.d5 c5 10.Ne1 Kh8 11.g4 Ng8 12.Kh1 f5 13.gxf5 gxf5 14.exf5 Nh6 15.Bxh6 Bxh6
16.Bd3 Nf6 17.Ng2 Rg8 18.Qf3 Bd7 19.Qh3 Qf8 20.f4 exf4 21.Nxf4 Bxf4 22.Rxf4 Re8
23.Ne2 Rg7 24.Rh4 b5 25.b3 bxc4 26.bxc4 Qe7 27.Rf1 Qe5 28.Nc1 Rf8 29.Rh6 Rfg8
30.Qf3 Ng4 31.Rh5 Rg5 32.Rxg5 Rxg5 33.h3 Nf6 34.Ne2 Be8 35.Qf4 Rh5 36.Kg2 Bd7
37.Qxe5 dxe5 38.Ng3 Rg5 39.Kh2 Kg7 40.Re1 e4 41.Bxe4 h5 42.Bb1 h4 43.Ne4 Nxe4
44.Rxe4 Bxf5 45.Re5  1-0

[Event "8th Teplice Open 2013"]
[Site "Teplice CZE"]
[Date "2013.06.22"]
[Round "8.51"]
[White "Tejkal,J"]
[Black "Kochert,B"]
[Result "1-0"]
[WhiteElo "1971"]
[BlackElo "1736"]

1.d4 Nf6 2.Nf3 d6 3.c4 g6 4.Nc3 Bg7 5.e4 O-O 6.Be2 Nbd7 7.O-O e5 8.Re1 exd4
9.Nxd4 a6 10.Be3 Re8 11.f3 c5 12.Nc2 Ne5 13.Qd2 Be6 14.b3 Qc7 15.Rad1 Rad8
16.Bg5 Nc6 17.Be3 Kh8 18.Kh1 Ng8 19.Nd5 Bxd5 20.Qxd5 Bc3 21.Bd2 Bxd2 22.Qxd2 Qa5
23.Qxa5 Nxa5 24.Rd2 Nc6 25.Red1 Re6 26.g3 Nf6 27.Bf1 Ne8 28.Bg2 b5 29.f4 bxc4
30.bxc4 Nb4 31.Ne3 Rb8 32.Rb2 Nc6 33.Rxb8 Nxb8 34.Rb1 Nc6 35.Rb6 Nd4 36.Rxa6 f5
37.e5 Kg7 38.Ra7+ Kf8 39.Rxh7 dxe5 40.Bd5 Re7 41.Rxe7 Kxe7 42.fxe5 Nc7 43.a4 Na6
44.Kg2 Ne2 45.Kf3 Nc3 46.a5  1-0

[Event "7th Varna Open 2013"]
[Site "Varna BUL"]
[Date "2013.06.22"]
[Round "4.12"]
[White "Belov,Ig1"]
[Black "Vachev,V"]
[Result "1-0"]
[WhiteElo "2418"]
[BlackElo "2155"]

1.Nf3 Nf6 2.c4 g6 3.Nc3 Bg7 4.e4 d6 5.d4 O-O 6.Be2 e5 7.d5 a5 8.Bg5 h6 9.Bh4 g5
10.Bg3 Nh5 11.h4 Nxg3 12.fxg3 g4 13.Nd2 h5 14.O-O Na6 15.Bd3 Nc5 16.Nb3 Nxd3
17.Qxd3 Bh6 18.Rad1 Bd7 19.Nd2 Kg7 20.Rf2 Qb8 21.Nb5 a4 22.Kh1 Ra5 23.Nb1 f6
24.N1a3 b6 25.Rdf1 Rf7 26.Nc3 Kg6 27.Nab5 Qc8 28.Kh2 Qd8 29.Nd1 Bf8 30.Na3 Bh6
31.Ne3 Rc5 32.Nf5 Bf8 33.b4 axb3 34.axb3 Ra5 35.b4 Ra4 36.Qb3 Qa8 37.Nb5 Bxb5
38.cxb5 Ra3 39.Qc4 Ra4 40.Rc2 Bh6 41.Rff2 Bf8 42.Ra2 Rxa2 43.Rxa2 Qb7 44.Ra6 Bg7
45.Qa2 Qc8 46.Ra8 Qd7 47.Qc4 Bf8 48.Kg1 Kh7 49.Kf2 Bh6 50.Ke2 Bf8 51.Kd3 Bh6
52.Qc6 Bg7 53.Kc4 Bh6 54.Re8 Bg7 55.Qa8 Kg6  1-0

[Event "7th Varna Open 2013"]
[Site "Varna BUL"]
[Date "2013.06.22"]
[Round "4.20"]
[White "Abdalla,L"]
[Black "Gurvich,Vitaly"]
[Result "1-0"]
[WhiteElo "2288"]
[BlackElo "1935"]

1.d4 Nf6 2.c4 g6 3.Nc3 Bg7 4.e4 d6 5.Nf3 O-O 6.Be2 e5 7.O-O exd4 8.Nxd4 Re8
9.f3 c6 10.Kh1 Nbd7 11.Bg5 Qb6 12.Nb3 Qc7 13.Qd2 a5 14.Rad1 a4 15.Nd4 Qb6
16.Be3 Qa5 17.Nc2 Ne5 18.b4 axb3 19.axb3 Bd7 20.Na4 Qxd2 21.Rxd2 Bf8 22.Rfd1 Be6
23.Nc3 h6 24.h3 g5 25.Kh2 Ng6 26.g3 Nh5 27.Nd4 Bg7 28.Na4 Be5 29.Bf2 Ng7
30.Nxe6 Nxe6 31.Kg2 h5 32.h4 f6 33.Rh1 Kg7 34.Be3 Rh8 35.c5 Rad8 36.Rhd1 dxc5
37.Rd7+ Kh6 38.Nxc5 Rxd7 39.Rxd7 Rd8 40.hxg5+ fxg5 41.Bxg5+  1-0

[Event "13th IPCA World Championship"]
[Site "Velke Losiny CZE"]
[Date "2013.06.22"]
[Round "6.11"]
[White "Tillmann,Marc"]
[Black "Koszela,S"]
[Result "1/2-1/2"]
[WhiteElo "2008"]
[BlackElo "1836"]

1.d4 Nf6 2.Nf3 g6 3.c4 Bg7 4.Nc3 O-O 5.e4 d6 6.Be2 e5 7.dxe5 dxe5 8.Qxd8 Rxd8
9.Bg5 Re8 10.Nd5 Nxd5 11.cxd5 c6 12.Bc4 cxd5 13.Bxd5 Nc6 14.Rc1 Nb4 15.Bc4 Be6
16.a3 Rac8 17.b3 Bxc4 18.Rxc4 Rxc4 19.bxc4 Nc2+ 20.Ke2 Nxa3 21.Ra1 Nxc4 22.Rxa7 b5
23.Kd3 Rb8 24.Be7 h6 25.Ne1 Bf8 26.Bxf8 Kxf8 27.Kc3 Kg7 28.Nc2 Rd8 29.Rc7 Rd1
30.Rc5 Rc1 31.Kd3 Na3 32.Kd2 Rxc2+ 33.Rxc2 Nxc2 34.Kxc2 f5 35.Kb3 Kf6 36.Kb4 Kg5
37.Kxb5 Kf4 38.exf5 gxf5 39.Kc4 h5 40.Kd3 h4 41.Ke2 Ke4 42.h3 f4 43.f3+ Kd4
44.Kd2 Kc4 45.Kc2 Kd4 46.Kd2  1/2-1/2

[Event "III Marcel Duchamp Boca Jun Op"]
[Site "Buenos Aires ARG"]
[Date "2013.06.23"]
[Round "3.41"]
[White "Bradford,Axel"]
[Black "Altamiranda,Maria Elisa"]
[Result "1-0"]
[WhiteElo "1946"]
[BlackElo "1473"]

1.d4 Nf6 2.c4 g6 3.Nc3 Bg7 4.e4 d6 5.Be2 O-O 6.Nf3 e5 7.dxe5 dxe5 8.Qxd8 Rxd8
9.Nd5 Nxd5 10.cxd5 c6 11.Bc4 Na6 12.Bg5 f6 13.dxc6+ Kf8 14.Bxa6 bxa6 15.Be3 Be6
16.O-O Kf7 17.Rfd1 Rxd1+ 18.Rxd1 Rc8 19.Rc1 Bxa2 20.Bxa7 Bb3 21.Nd2 Ba4 22.c7 Bf8
23.Nc4 Bc6 24.Nxe5+ fxe5 25.Rxc6 Ke7 26.Bb8 Kd7 27.Rf6 a5 28.Rf7+ Kc6 29.Rxh7 Kb5
30.Rd7 Kc6 31.Rd8 Kb7 32.Rxc8 Kxc8 33.b3 g5 34.Kf1 Bd6 35.Ke2 g4 36.Kd3 Be7
37.h3 gxh3 38.gxh3 Bh4 39.f3 Bg3 40.Kc4 Bf2 41.Kb5 Be1 42.h4 Bxh4 43.Kxa5 Be7
44.b4 Bd6 45.b5 Bc5 46.Ka6 Kd7 47.b6 Bxb6 48.Kxb6 Kc8 49.f4 exf4 50.e5 f3
51.e6 f2 52.e7 Kd7 53.c8=Q+ Kxe7 54.Qf5 Kd8 55.Qf8+ Kd7 56.Qf7+ Kd8 57.Bc7+  1-0

[Event "III Marcel Duchamp Boca Jun Op"]
[Site "Buenos Aires ARG"]
[Date "2013.06.23"]
[Round "3.6"]
[White "Gaitan,Juan Manuel"]
[Black "Pichot,A"]
[Result "1/2-1/2"]
[WhiteElo "2228"]
[BlackElo "2400"]

1.d4 Nf6 2.c4 g6 3.Nc3 Bg7 4.e4 d6 5.Nf3 O-O 6.Be2 e5 7.O-O Na6 8.Be3 Ng4
9.Bg5 Qe8 10.h3 f6 11.Bh4 Nh6 12.c5 exd4 13.Bxa6 dxc3 14.Bc4+ Be6 15.Bxe6+ Qxe6
16.cxd6 cxb2 17.Rb1 f5 18.e5 cxd6 19.exd6 Nf7 20.Be7 Rfc8 21.Re1 Qd7 22.Ng5 Nxg5
23.Bxg5 Rc6 24.Be7 Kh8 25.Qe2 Rb6 26.Red1 Rc8 27.g4 Rb4 28.gxf5 gxf5 29.Qd2 Rd4
30.Qxd4 Bxd4 31.Rxd4 Rc1+ 32.Rd1 Rxd1+ 33.Rxd1 Kg8 34.Rb1 Qc6 35.Rxb2 Qc1+
36.Kg2 Qxb2  1/2-1/2

[Event "TCh-MNE Prem 2013"]
[Site "Cetinje MNE"]
[Date "2013.06.24"]
[Round "1.1"]
[White "Lajthajm,B"]
[Black "Sedlak,N"]
[Result "1/2-1/2"]
[WhiteElo "2478"]
[BlackElo "2571"]

1.d4 Nf6 2.c4 g6 3.Nc3 Bg7 4.e4 d6 5.Nf3 O-O 6.Be2 e5 7.O-O Qe8 8.dxe5 dxe5
9.Be3 Nbd7 10.Nd2 c6 11.b4 Qe7 12.c5 Rd8 13.Qc1 Nf8 14.Nc4 Ne6 15.Nd6 Nd4
16.Bd1 Ne8 17.Nxc8 Raxc8 18.Re1 Nc7 19.Rb1 h5 20.Na4 Nce6 21.Nb2 b5 22.Bb3 Nxb3
23.axb3 Bf6 24.Qc3 Bg5 25.Nd3 Bxe3 26.fxe3 f6 27.Ra1 Rc7 28.Nf2 Rdd7 29.Ra2 Kf8
30.Qc2 Ke8 31.Rea1 Kd8 32.Qe2 Kc8 33.Ra6 Qd8 34.Qa2 Rd2 35.Qa5 Qe7 36.Ra2 Qd7
37.Kf1 Rxa2 38.Qxa2 Kb8 39.Qe2 Qc8 40.Ra2 Rd7 41.Ke1 Nc7 42.Rd2 Na6 43.Rxd7 Qxd7
44.Qd3 Qe7 45.Qc3 Kb7 46.g3 Nc7 47.Ke2 h4 48.g4 Ne6 49.h3 Ng5 50.Qd3 Kc7
51.Kd2 Qd7 52.Kc3 Qxd3+ 53.Kxd3 Kd7 54.Kd2 Ke6 55.Ke2 f5 56.gxf5+ gxf5 57.exf5+ Kxf5
58.Kd3 Nf3 59.Ke2 e4 60.Kd1 Ne5 61.Kd2 Nf3+ 62.Kd1 Ne5 63.Kd2 Ke6 64.Kc2 Kd5
65.Kc3 Nf3 66.Kc2 Ke5 67.Ng4+ Kf5 68.Nf2 a6 69.Kc3 Ng1 70.Kd2 Nf3+ 71.Kc3 Ke5
72.Ng4+ Ke6 73.Nf2 Kf5 74.Kc2 Ng5 75.Kd2 Ne6 76.Kc3  1/2-1/2

[Event "Gold Coast Open 2013"]
[Site "Gold Coast AUS"]
[Date "2013.06.24"]
[Round "5"]
[White "Solomon,SJ"]
[Black "Ly,Mo"]
[Result "1/2-1/2"]
[WhiteElo "2401"]
[BlackElo "2430"]

1.d4 Nf6 2.c4 g6 3.Nc3 Bg7 4.e4 O-O 5.Nf3 d6 6.Be2 Nbd7 7.O-O e5 8.d5 Nc5
9.Qc2 Nh5 10.b4 Na6 11.Rb1 Nf4 12.Rd1 Nxe2+ 13.Qxe2 Nb8 14.c5 Nd7 15.Be3 Nf6
16.a4 Nh5 17.Rdc1 Nf4 18.Qc4 g5 19.a5 f5 20.cxd6 cxd6 21.Nb5 fxe4 22.Nd2 Bg4
23.Nxa7 Ne2+ 24.Kh1 Nd4 25.Nxe4 Rxa7 26.Qc7 Qxc7 27.Rxc7 Bf5 28.f3 Bxe4 29.fxe4 Rf7
30.Rbc1 h6 31.Rxf7 Kxf7 32.Rc7+ Kf6 33.Kg1 Bf8 34.Kf2 Be7 35.Bxd4 exd4 36.Ke2 Ra8
37.Kd3 b6 38.axb6 Bd8 39.b7 Ra3+ 40.Rc3 Rxc3+ 41.Kxd4 Bc7 42.Kxc3 Ke5 43.Kd3 Kf4
44.b5 h5 45.b6 Bb8 46.Kd4 h4 47.Kd3 g4 48.Kd4 h3 49.gxh3 gxh3 50.Kd3 Kf3
51.Kd4 Kf4 52.Kd3 Kf3 53.Kd4 Kf4 54.Kd3 Kf3 55.Kd4 Kf4  1/2-1/2

[Event "82nd ch-UKR 2013"]
[Site "Kiev UKR"]
[Date "2013.06.24"]
[Round "9.3"]
[White "Korobov,A"]
[Black "Baryshpolets,A"]
[Result "1-0"]
[WhiteElo "2715"]
[BlackElo "2547"]

1.d4 Nf6 2.c4 g6 3.Nc3 Bg7 4.e4 d6 5.Nf3 O-O 6.Be2 e5 7.Be3 c6 8.d5 Ng4 9.Bg5 f6
10.Bh4 Na6 11.c5 Nxc5 12.b4 Na6 13.Bxa6 bxa6 14.dxc6 g5 15.Bg3 f5 16.exf5 Bxf5
17.O-O Kh8 18.Rc1 h5 19.h3 Nh6 20.c7 Qf6 21.Nd5 Qg6 22.Rc6 Nf7 23.Ne7 Qf6
24.Nxf5 Qxf5 25.Qd5 Rac8 26.Rfc1 Bf6 27.Nd2 Be7 28.Nc4 g4 29.Ne3 Qd7 30.hxg4 hxg4
31.R1c4 Bg5 32.Nxg4 Qf5 33.Re4 Kg7 34.f3 Rfe8 35.Ne3 Bxe3+ 36.Rxe3 Qb1+ 37.Re1 Qxb4
38.Rc4 Qb5 39.Rg4+ Kf8 40.Qe4 Rxc7 41.Qh7 Qc5+ 42.Bf2  1-0

[Event "V4 Liptov IM 2013"]
[Site "Liptovsky Mikulas SVK"]
[Date "2013.06.24"]
[Round "6.2"]
[White "Jozefek,M"]
[Black "Mikrut,D"]
[Result "1-0"]
[WhiteElo "2207"]
[BlackElo "2358"]

1.d4 g6 2.c4 Bg7 3.Nc3 d6 4.e4 Nf6 5.Be2 O-O 6.Nf3 Na6 7.O-O e5 8.Re1 c6
9.h3 exd4 10.Nxd4 Nc5 11.Bf3 Nfd7 12.Be3 a5 13.Qc2 Qh4 14.Rad1 Re8 15.Bg4 h5
16.Bxd7 Nxd7 17.Nf3 Qe7 18.Qd2 Ne5 19.Nxe5 Bxe5 20.f4 Bg7 21.Qxd6 Qxd6 22.Rxd6 Be6
23.Na4 Rad8 24.Rxd8 Rxd8 25.b3 b5 26.cxb5 cxb5 27.Nc5 a4 28.Nxe6 fxe6 29.bxa4 bxa4
30.Kf2 Rd3 31.Re2 a3 32.e5 g5 33.Rd2 Rc3 34.Bd4 Rc4 35.fxg5 Kf7 36.Ke3 Kg6
37.h4 Rc1 38.Ke4 Re1+ 39.Be3 Bxe5 40.Kxe5 Rxe3+ 41.Kf4 Rc3 42.Re2 Kf7 43.g3 Rc4+
44.Kf3 Rc6 45.Re3 Ra6 46.Ke2 Ra4 47.Kd2 Ke7 48.Kc3 Kd6 49.Kb3 Ra8 50.Kb4 Rb8+
51.Kxa3 e5 52.Rb3 Rc8 53.Kb2 e4 54.g6 Kd5 55.g7 Kd4 56.Rc3 Re8 57.Kc2 e3
58.Rd3+ Ke4 59.Rd7 Ra8 60.Kd1 Rb8 61.Rc7 Kd3 62.Rd7+ Ke4 63.Rb7 Rc8 64.a4 Rd8+
65.Ke2 Rd2+ 66.Ke1 Rd8 67.Re7+ Kd3 68.Rd7+  1-0

[Event "III Marcel Duchamp Boca Jun Op"]
[Site "Buenos Aires ARG"]
[Date "2013.06.25"]
[Round "5.5"]
[White "Garcia,Rai"]
[Black "Caceres Recalde,F"]
[Result "1/2-1/2"]
[WhiteElo "2310"]
[BlackElo "2216"]

1.d4 Nf6 2.c4 g6 3.Nc3 Bg7 4.e4 d6 5.Nf3 O-O 6.Be2 Na6 7.O-O e5 8.Re1 c6
9.Bf1 exd4 10.Nxd4 Ng4 11.h3 Qb6 12.hxg4 Qxd4 13.g5 Qe5 14.Be3 Nc5 15.Qc2 Qe7
16.Rad1 Be6 17.Qc1 a6 18.Bd4 b5 19.Bxg7 Kxg7 20.Qf4 Bxc4 21.Rxd6 Bxf1 22.Qf6+ Qxf6
23.gxf6+ Kh6 24.Kxf1 b4 25.Nd1 Rfe8 26.f3 Re6 27.Rxe6 Nxe6 28.Nf2 Rd8 29.e5 Rd2
30.Re2 Rxe2 31.Kxe2 Kg5 32.Ke3 h5 33.Nd3 a5 34.Ke4 Kh4 35.Nf4 Ng5+ 36.Ke3 Kg3
37.Nh3 Ne6 38.f4 h4 39.Ng5 Nf8 40.Nxf7 Kxg2 41.Ng5 h3 42.Nxh3 Kxh3 43.f5 gxf5
44.Kf4 c5 45.Kxf5 c4 46.e6 Nxe6 47.Kxe6 c3 48.bxc3 bxc3 49.f7 c2 50.f8=Q c1=Q
51.Qf5+ Kh4 52.Qxa5 Qe3+ 53.Qe5 Qh3+ 54.Kd5 Qd7+ 55.Qd6 Qb7+ 56.Kc4 Qf7+
57.Qd5 Qf1+ 58.Kb3 Qb1+ 59.Ka4 Qc2+ 60.Kb4 Qb2+ 61.Qb3 Qd2+ 62.Kc4 Qe2+ 63.Kc3 Kh5
64.Qc4 Qe3+ 65.Kb4 Qe1+ 66.Kb5  1/2-1/2

[Event "Malaysian Masters Women 2013"]
[Site "Kuala Lumpur MAS"]
[Date "2013.06.25"]
[Round "6.4"]
[White "Nur,Nab"]
[Black "Fong Mi Yen"]
[Result "1-0"]
[WhiteElo "1926"]
[BlackElo "1890"]

1.d4 Nf6 2.c4 g6 3.Nc3 Bg7 4.e4 d6 5.Nf3 O-O 6.Be2 Nbd7 7.O-O e5 8.Be3 Nh5
9.g3 Qe7 10.Qd2 Ndf6 11.Bg5 Bh3 12.Rfe1 a6 13.Rad1 Qe8 14.Bh6 exd4 15.Nxd4 Nxe4
16.Nxe4 c5 17.Bxh5 Bxd4 18.Nf6+ Bxf6 19.Rxe8 Rfxe8 20.Bf3 Bd4 21.Be3 Be5
22.b3 Rab8 23.Bg2 Bxg2 24.Kxg2 Red8 25.Qd5 Bf6 26.Bg5 Bxg5 27.Qxg5 b5 28.Qf6  1-0

[Event "V4 Liptov IM 2013"]
[Site "Liptovsky Mikulas SVK"]
[Date "2013.06.25"]
[Round "8.5"]
[White "Bukojemski,A"]
[Black "Gazik,Viktor"]
[Result "1-0"]
[WhiteElo "2230"]
[BlackElo "2112"]

1.d4 Nf6 2.Nf3 g6 3.c4 Bg7 4.Nc3 O-O 5.e4 d6 6.Be2 e5 7.dxe5 dxe5 8.Qxd8 Rxd8
9.Bg5 c6 10.Nxe5 Re8 11.O-O-O Nxe4 12.Nxe4 Bxe5 13.Bf3 Be6 14.Rhe1 Na6 15.b3 Bf5
16.Nf6+ Bxf6 17.Rxe8+ Rxe8 18.Bxf6 Nb4 19.Bd4 Nd3+ 20.Kd2 Rd8 21.Kc3 b5 22.c5 b4+
23.Kc4 a5 24.Bxc6 Nb2+ 25.Bxb2 Rxd1 26.Kb5 Rd2 27.Be5 Rxa2 28.Kb6 Be6 29.Ba4 Rxf2
30.Kxa5 Rxg2 31.Kxb4 f5 32.c6 Re2 33.Bd6 Kg7 34.Bb5 Re4+ 35.Bc4 Kf6 36.c7 g5
37.Kc5 Bc8 38.b4 f4 39.Bd5 Re3 40.b5 f3 41.Bg3 g4 42.b6 Re2 43.b7 Bxb7 44.Bxb7 f2
45.Bxf2 Rxf2 46.Be4 Rf1 47.Bd3  1-0

[Event "8th Vladimir Dvorkovich Cup"]
[Site "Moscow RUS"]
[Date "2013.06.25"]
[Round "1.14"]
[White "Zenzera,A"]
[Black "Zeynalli,Miradil"]
[Result "1-0"]
[WhiteElo "2400"]
[BlackElo "2166"]

1.d4 Nf6 2.Nf3 g6 3.c4 Bg7 4.Nc3 O-O 5.e4 d6 6.Be2 e5 7.O-O exd4 8.Nxd4 Re8
9.f3 Nc6 10.Be3 Nh5 11.Qd2 Nxd4 12.Bxd4 Nf4 13.Rfd1 Bxd4+ 14.Qxd4 Nxe2+ 15.Nxe2 b6
16.Nc3 Bb7 17.Rac1 Qg5 18.Nd5 Bxd5 19.cxd5 Re7 20.Qd2 Qe5 21.Rc4 f5 22.f4 Qf6
23.Qd4 Qxd4+ 24.Rdxd4 Rd8 25.Kf2 fxe4 26.Rxe4 Rxe4 27.Rxe4 Kf7 28.Kf3 b5
29.Re3 a5 30.Rc3 Rc8 31.Rc6 Ke7 32.Ra6 a4 33.Ra7 Kf6 34.Rb7 c6 35.Rd7 a3
36.g4 cxd5 37.Rxd6+ Ke7 38.Rxd5 Rc2 39.bxa3 Rxa2 40.Rxb5 Rxa3+ 41.Ke4 Rh3
42.Rb2 Kf7 43.Re2 Kf6 44.Rd2 Ke6 45.Rf2 Kf6 46.Re2 Ke6 47.Rd2 Kf6 48.Ra2 Kf7
49.f5 gxf5+ 50.Kxf5 Rf3+ 51.Kg5 Rh3 52.Rb2 Ke6 53.Rb6+ Kf7 54.Rh6 Rxh6 55.Kxh6 Kg8
56.g5 Kh8 57.h4 Kg8 58.h5 Kh8 59.g6 Kg8 60.g7  1-0

[Event "13th IPCA World Championship"]
[Site "Velke Losiny CZE"]
[Date "2013.06.25"]
[Round "9.18"]
[White "Kurochkina,E"]
[Black "Marievsky,M"]
[Result "1-0"]
[WhiteElo "1800"]
[BlackElo "1965"]

1.d4 Nf6 2.c4 g6 3.Nc3 d6 4.e4 Bg7 5.Nf3 O-O 6.Be2 e5 7.O-O Nh5 8.Re1 Nf4
9.Bf1 Ne6 10.d5 Nc5 11.b4 Ncd7 12.Qc2 f5 13.Bg5 Nf6 14.exf5 gxf5 15.c5 h6
16.Bh4 a5 17.Qb3 axb4 18.Qxb4 Na6 19.Qa3 f4 20.cxd6 cxd6 21.Ne4 Bg4 22.Nxd6 Nc7
23.Qc5 Bxf3 24.gxf3 Ncxd5 25.Rad1 Ra5 26.Bb5 b6 27.Qc6 Qc7 28.Rxe5 Qxc6 29.Bxc6 Nb4
30.Rxa5 bxa5 31.Ba4 Kh8 32.Bb3 a4 33.Bxa4 Nxa2 34.Bc2 Nc3 35.Re1 Nfd5 36.Re6 Nb4
37.Bg6 Nbd5 38.Kg2 Bf6 39.Kh3 Kg7 40.Bc2 Bxh4 41.Kxh4 Rf6 42.Nf5+ Kf7 43.Rxf6+ Kxf6
44.Nxh6 Nb4 45.Ng4+ Ke6 46.Bh7 Ne2 47.Kg5 Ke7 48.h4 Nc6 49.Be4 Ncd4 50.h5 Kf8
51.h6 Kg8 52.Nf6+ Kh8 53.Nd5 Ne6+ 54.Kg4 Kg8 55.Bf5 Nf8 56.Nxf4 Nd4 57.Be4 Nb5
58.Nd5 Nd6 59.Bd3 Kh8 60.f4 Nf7 61.Kh5 Nd6 62.f5 Nf7 63.f4 Nd6 64.Ne7 Nd7
65.Ng6+ Kh7 66.Ne5 Nf6+ 67.Kg5 Nde8 68.Ng4 Nxg4 69.f6+  1-0

[Event "3rd Big Slick GM"]
[Site "Purley ENG"]
[Date "2013.06.26"]
[Round "5"]
[White "Lalic,B"]
[Black "Zhou,Y"]
[Result "1/2-1/2"]
[WhiteElo "2489"]
[BlackElo "2469"]

1.d4 Nf6 2.c4 g6 3.Nc3 Bg7 4.e4 d6 5.Nf3 O-O 6.Be2 e5 7.Be3 Nbd7 8.O-O Re8
9.d5 Nh5 10.g3 Bf8 11.Ne1 Ng7 12.Nd3 Be7 13.Qd2  1/2-1/2

[Event "FISCA Open D 2013"]
[Site "Cap Aurora ROU"]
[Date "2013.06.27"]
[Round "7.1"]
[White "Manolache,M"]
[Black "Vasiesiu,D"]
[Result "1/2-1/2"]
[WhiteElo "2504"]
[BlackElo "2422"]

1.d4 Nf6 2.c4 g6 3.Nc3 Bg7 4.e4 d6 5.Nf3 O-O 6.Be2 e5 7.O-O Na6 8.Re1 Qe8
9.dxe5 dxe5 10.h3 c6 11.Be3 Qe7 12.Qc2 Nh5 13.Rad1 Nf4 14.Bf1 g5 15.Nh2 Nc5
16.Qd2 Re8 17.Qd6 Qxd6 18.Rxd6 Nce6 19.g3 Ng6 20.Red1 h6 21.Ng4 h5 22.Nh2 Bf8
23.R6d2 h4 24.Ng4 Kg7 25.Na4 b6 26.b3 hxg3 27.fxg3 Nc5 28.Nf2 Nxa4 29.bxa4 f6
30.Be2 Bb4 31.Rd3 Be6 32.Ng4 Be7 33.Rc3 Rad8 34.Rf1 Rf8 35.c5 bxc5 36.Bxc5 Rd2
37.Bf3 Rxa2 38.Bxa7 Rxa4 39.Bf2 Rc8 40.Rfc1 c5 41.Bxc5 Rxc5 42.Rxc5 Bxc5+
43.Rxc5 Ra1+ 44.Kg2 Ra2+ 45.Kg1 Ra1+  1/2-1/2

[Event "7th Varna Open 2013"]
[Site "Varna BUL"]
[Date "2013.06.27"]
[Round "9.27"]
[White "Borzov,D"]
[Black "Petkova,Nadezhda"]
[Result "1-0"]
[WhiteElo "2133"]
[BlackElo "1606"]

1.d4 Nf6 2.c4 g6 3.Nc3 Bg7 4.e4 d6 5.Nf3 O-O 6.Be2 Nbd7 7.O-O e5 8.Be3 Ng4
9.Bg5 f6 10.Bh4 Qe8 11.d5 a6 12.b4 b6 13.Nd2 Nh6 14.Nb3 f5 15.f3 Nf7 16.a4 g5
17.Bf2 f4 18.a5 Qd8 19.axb6 cxb6 20.c5 b5 21.Nxb5 dxc5 22.bxc5 Nf6 23.d6 Be6
24.Nc7  1-0

[Event "4th ch-Vojvodina Int"]
[Site "Novi Sad SRB"]
[Date "2013.06.28"]
[Round "1.5"]
[White "Mladenovic,Aleksandar D"]
[Black "Saric,S"]
[Result "0-1"]
[WhiteElo "1958"]
[BlackElo "2412"]

1.d4 Nf6 2.c4 g6 3.Nc3 Bg7 4.Nf3 d6 5.e4 O-O 6.Be2 Na6 7.O-O e5 8.d5 Nh5
9.Ne1 Nf4 10.Nd3 Nxd3 11.Bxd3 f5 12.f3 f4 13.Bd2 h5 14.Be1 Rf7 15.a3 g5 16.Be2 Bf8
17.b4 Rg7 18.h3 Nb8 19.Na4 Nd7 20.Qc2 Nf6 21.c5 g4 22.hxg4 hxg4 23.fxg4 Nxg4
24.Bxg4 Bxg4 25.Ra2 Qe8 26.c6 b6 27.Kf2 Qh5 28.Rg1 Bd1 29.Qd3 Rg3 30.Qa6 Re3
31.Kf1 Bb3 32.Ra1 Rxe4 33.Nb2 Bc4+ 34.Qxc4 Rxc4 35.Nxc4 e4 36.Nd2 Qxd5 37.Rc1 Qd3+
38.Kf2 e3+  0-1

[Event "TCh-MNE Prem 2013"]
[Site "Cetinje MNE"]
[Date "2013.06.29"]
[Round "6.1"]
[White "Lajthajm,B"]
[Black "Arsovic,G"]
[Result "1/2-1/2"]
[WhiteElo "2478"]
[BlackElo "2438"]

1.d4 Nf6 2.c4 g6 3.Nc3 Bg7 4.e4 d6 5.Nf3 O-O 6.Be2 e5 7.O-O Na6 8.Re1 Qe8
9.dxe5 dxe5 10.b3 Nc5 11.Ba3 Nfxe4 12.Nxe4 Nxe4 13.Bxf8  1/2-1/2

[Event "IsBank TCh-TUR 2013"]
[Site "Denizli TUR"]
[Date "2013.06.29"]
[Round "1.5"]
[White "Sengul,C"]
[Black "Yener,C"]
[Result "1-0"]
[WhiteElo "2175"]
[BlackElo "1944"]

1.d4 Nf6 2.Nf3 g6 3.c4 Bg7 4.Nc3 O-O 5.e4 d6 6.Be2 e5 7.d5 a5 8.Bg5 h6 9.Bh4 Na6
10.Nd2 Qe8 11.a3 Bd7 12.O-O Nh7 13.Kh1 h5 14.f3 Bh6 15.Rb1 Be3 16.b4 axb4
17.axb4 f5 18.exf5 Bxf5 19.Nde4 g5 20.Bf2 Bxf2 21.Rxf2 Nb8 22.Bd3 Nd7 23.Nb5 Qd8
24.Qc2 Bxe4 25.Bxe4 Nhf6 26.Bf5 Nb6 27.Be6+ Kg7 28.Qd2 Ne8 29.c5 Nc8 30.Nc3 Rf4
31.Ne2 Rf8 32.Ng3 Kh6 33.Ne4 Ng7 34.h4 Nxe6 35.dxe6 dxc5 36.hxg5+ Kg7 37.bxc5 Qxd2
38.Rxd2 Re8 39.Rxb7 Re7 40.Rd7 Kf8  1-0